Loading...
| Fine Arts - Classical Music | 2 | 10.00 | 50% | 50% | 0% |
| Fine Arts - Other Fine Arts | 4 | 15.00 | 75% | 75% | 0% |
| Fine Arts - Visual Fine Arts | 4 | 12.50 | 75% | 25% | 25% |
| Geography/Current Events | 1 | 20.00 | 100% | 100% | 0% |
| History - American History | 4 | 12.50 | 100% | 0% | 25% |
| History - European History | 5 | 16.00 | 100% | 40% | 20% |
| History - Other History | 7 | 12.86 | 86% | 29% | 14% |
| History - World History | 3 | 10.00 | 33% | 67% | 0% |
| Literature - American Literature | 5 | 14.00 | 100% | 40% | 0% |
| Literature - British Literature | 6 | 11.67 | 50% | 50% | 17% |
| Literature - European Literature | 6 | 18.33 | 100% | 67% | 17% |
| Literature - World/Other Literature | 3 | 13.33 | 100% | 33% | 0% |
| Mythology | 6 | 10.00 | 83% | 17% | 0% |
| Philosophy | 3 | 20.00 | 67% | 100% | 33% |
| Pop Culture | 1 | 30.00 | 100% | 100% | 100% |
| Religion | 8 | 15.00 | 88% | 50% | 13% |
| Science - Biology | 4 | 12.50 | 100% | 25% | 0% |
| Science - Chemistry | 5 | 10.00 | 40% | 20% | 40% |
| Science - Other Science | 4 | 10.00 | 50% | 25% | 25% |
| Science - Physics | 5 | 12.00 | 80% | 40% | 0% |
| Social Science | 4 | 12.50 | 100% | 25% | 0% |